000
00335nam a22001577a 4500
003
SGT
020
_a
978-93-5090-294-3
082
_a
150
_b
P15S
100
_a
SREEVANI, R.
245
_a
PSYCHOLOGY FOR NURSES
250
_a
2ND
260
_a
INDIA
_b
JAYPEE
_c
2015
300
_a
229
650
_a
PSYCHOLOGY
942
_2
ddc
_c
BK
_0
308
999
_c
10855
_d
10855